000 00403pab a2200145 454500
008 180718b2006 xxu||||| |||| 00| 0 eng d
100 _aAndrews, Mathew
245 _aBeyond `best practice' and `basic first' in adopting performance budgeting reform
260 _c2006
300 _ap.147-61.
362 _aMay
650 _aBudget
773 _aPublic Administration and Development
909 _a70560
999 _c70560
_d70560